Loading...
| Literature - American Literature | 0 | 7 | 0 | 0 | 70 | 67 | 106.71 | 1 | 2 |
| Literature - European Literature | 0 | 6 | 0 | 2 | 60 | 95 | 136.33 | 0 | 1 |
| Literature - British Literature | 0 | 4 | 1 | 1 | 35 | 115 | 125.00 | 0 | 0 |
| Science - Other Science | 0 | 2 | 0 | 0 | 20 | 91 | 105.00 | 0 | 0 |
| Fine Arts - Painting & Sculpture | 0 | 2 | 0 | 0 | 20 | 59 | 80.00 | 0 | 1 |
| Literature - World Literature | 0 | 3 | 3 | 0 | 15 | 104 | 120.67 | 0 | 1 |
| Social Science | 0 | 1 | 0 | 1 | 10 | 138 | 138.00 | 0 | 0 |
| History - Other History | 0 | 1 | 0 | 0 | 10 | 127 | 127.00 | 0 | 0 |
| Mythology | 0 | 1 | 0 | 0 | 10 | 113 | 113.00 | 0 | 0 |
| Philosophy | 0 | 1 | 0 | 0 | 10 | 127 | 127.00 | 0 | 0 |
| Science - Biology | 0 | 1 | 1 | 0 | 5 | 113 | 113.00 | 0 | 1 |
| Geography | 0 | 1 | 1 | 0 | 5 | 86 | 86.00 | 0 | 0 |
| Fine Arts - Other Fine Arts | 0 | 1 | 2 | 0 | 0 | 67 | 67.00 | 0 | 1 |
| Science - Physics | 0 | 0 | 1 | 0 | -5 | 0.00 | 0 | 0 |